Rechtswissenschaft als Sozialwissenschaft: juristisches Denken und Sozialdynamik des Rechts
| Autor principal: | |
|---|---|
| Tipo de documento: | Print Libro |
| Lenguaje: | Alemán |
| Publicado: |
Wien [u.a.]
Springer
1991
|
| En: |
Forschungen aus Staat und Recht (92)
Año: 1991 |
| Disponibilidad en Tübingen: | Disponible en Tübingen. IFK: G I 341 |
| Verificar disponibilidad: | HBZ Gateway |
| Servicio de pedido Subito: | Pedir ahora. |
| Palabras clave: |
MARC
| LEADER | 00000cam a2200000 c 4500 | ||
|---|---|---|---|
| 001 | 272206202 | ||
| 003 | DE-627 | ||
| 005 | 20260206195814.0 | ||
| 007 | tu | ||
| 008 | 910121s1991 au ||||| 00| ||ger c | ||
| 015 | |a 90,N49,0232 |2 dnb | ||
| 015 | |a 90,N49,0232 |2 dnb | ||
| 016 | 7 | |a 910016623 |2 DE-101 | |
| 020 | |a 3211822542 |9 3-211-82254-2 | ||
| 020 | |a 0387822542 |9 0-387-82254-2 | ||
| 035 | |a (DE-627)272206202 | ||
| 035 | |a (DE-603)013768522 | ||
| 035 | |a (DE-576)022869190 | ||
| 035 | |a (DE-599)GBV272206202 | ||
| 035 | |a (OCoLC)74891915 | ||
| 035 | |a (OCoLC)74891915 | ||
| 040 | |a DE-627 |b ger |c DE-627 |e rakwb | ||
| 041 | |a ger | ||
| 044 | |c XA-AT |c XD-US | ||
| 084 | |a 19 |a 14 |a 10 |2 sdnb | ||
| 084 | |a 19 |a 14 |2 sdnb | ||
| 084 | |a PI 5020 |2 rvk |0 (DE-625)rvk/136634: | ||
| 084 | |a PI 3010 |2 rvk |0 (DE-625)rvk/136584: | ||
| 084 | |a PI 3050 |2 rvk |0 (DE-625)rvk/136588: | ||
| 084 | |a 86.05 |2 bkl | ||
| 100 | 1 | |8 1\p |a Wurzel, Karl Georg |d 1875-1931 |0 (DE-588)1030491917 |0 (DE-627)735327181 |0 (DE-576)378339109 |4 aut | |
| 109 | |a Wurzel, Karl Georg 1875-1931 | ||
| 245 | 1 | 0 | |a Rechtswissenschaft als Sozialwissenschaft |b juristisches Denken und Sozialdynamik des Rechts |c Karl Georg Wurzel |
| 264 | 1 | |a Wien [u.a.] |b Springer |c 1991 | |
| 300 | |a XI, 223 S. | ||
| 336 | |a Text |b txt |2 rdacontent | ||
| 337 | |a ohne Hilfsmittel zu benutzen |b n |2 rdamedia | ||
| 338 | |a Band |b nc |2 rdacarrier | ||
| 490 | 1 | |a Forschungen aus Staat und Recht |v 92 | |
| 500 | |a Enth.: Juristisches Denken. Sozialdynamik des Rechts | ||
| 650 | 0 | 7 | |0 (DE-588)4139623-6 |0 (DE-627)105634050 |0 (DE-576)209695919 |a Rechtsdenken |2 gnd |
| 650 | 0 | 7 | |0 (DE-588)4048737-4 |0 (DE-627)106189719 |0 (DE-576)20907907X |a Recht |2 gnd |
| 650 | 0 | 7 | |0 (DE-588)4077587-2 |0 (DE-627)106079697 |0 (DE-576)209205733 |a Sozialer Wandel |2 gnd |
| 689 | 0 | 0 | |d s |0 (DE-588)4139623-6 |0 (DE-627)105634050 |0 (DE-576)209695919 |a Rechtsdenken |2 gnd |
| 689 | 0 | |5 DE-101 | |
| 689 | 1 | 0 | |d s |0 (DE-588)4048737-4 |0 (DE-627)106189719 |0 (DE-576)20907907X |a Recht |2 gnd |
| 689 | 1 | 1 | |d s |0 (DE-588)4077587-2 |0 (DE-627)106079697 |0 (DE-576)209205733 |a Sozialer Wandel |2 gnd |
| 689 | 1 | |5 DE-101 | |
| 689 | 2 | 0 | |d s |0 (DE-588)4139623-6 |0 (DE-627)105634050 |0 (DE-576)209695919 |a Rechtsdenken |2 gnd |
| 689 | 2 | |5 (DE-627) | |
| 689 | 3 | 0 | |d s |0 (DE-588)4048737-4 |0 (DE-627)106189719 |0 (DE-576)20907907X |a Recht |2 gnd |
| 689 | 3 | 1 | |d s |0 (DE-588)4077587-2 |0 (DE-627)106079697 |0 (DE-576)209205733 |a Sozialer Wandel |2 gnd |
| 689 | 3 | |5 (DE-627) | |
| 830 | 0 | |a Forschungen aus Staat und Recht |v 92 |9 92 |w (DE-627)130111333 |w (DE-576)015642704 |w (DE-600)503863-7 |x 0071-7657 |7 am | |
| 883 | |8 1\p |a cgwrk |d 20241001 |q DE-101 |u https://d-nb.info/provenance/plan#cgwrk | ||
| 889 | |w (DE-627)025676350 | ||
| 935 | |i mdedup | ||
| 935 | |i Blocktest | ||
| 935 | |h HEB |i 0501 | ||
| 935 | |h HEB |i 0503 | ||
| 936 | r | v | |a PI 5020 |b Einzeldarstellungen |k Rechtswissenschaft |k Allgemeine Rechtslehre und Rechtstheorie, Rechts- und Staatsphilosophie, Rechtssoziologie |k Rechtssoziologie, Rechtstatsachenforschung |k Einzeldarstellungen |0 (DE-627)1271266474 |0 (DE-625)rvk/136634: |0 (DE-576)201266474 |
| 936 | r | v | |a PI 3010 |b Allgemeines |k Rechtswissenschaft |k Allgemeine Rechtslehre und Rechtstheorie, Rechts- und Staatsphilosophie, Rechtssoziologie |k Begriff, Wesen und Methodik des Rechts |k Rechtsdenken (BF Juristisches Denken), Juristische Methodik (BF Juristische Methodenlehre, Rechtswissenschaft/Methode), Rechtsfindung |k Allgemeines |0 (DE-627)1271266040 |0 (DE-625)rvk/136584: |0 (DE-576)201266040 |
| 936 | r | v | |a PI 3050 |b Einzelne Methodenlehren |k Rechtswissenschaft |k Allgemeine Rechtslehre und Rechtstheorie, Rechts- und Staatsphilosophie, Rechtssoziologie |k Begriff, Wesen und Methodik des Rechts |k Rechtsdenken (BF Juristisches Denken), Juristische Methodik (BF Juristische Methodenlehre, Rechtswissenschaft/Methode), Rechtsfindung |k Einzelne Methodenlehren |0 (DE-627)1271266075 |0 (DE-625)rvk/136588: |0 (DE-576)201266075 |
| 936 | b | k | |a 86.05 |j Rechtssoziologie |j Rechtspsychologie |0 (DE-627)106413457 |
| 936 | s | n | |a p100 |2 mzub |
| 936 | s | n | |a m200 |2 mzub |
| 951 | |a BO | ||
| ELC | |b 1 | ||
| LOK | |0 000 xxxxxcx a22 zn 4500 | ||
| LOK | |0 001 3349745679 | ||
| LOK | |0 003 DE-627 | ||
| LOK | |0 004 272206202 | ||
| LOK | |0 005 20020607000000 | ||
| LOK | |0 008 930614||||||||||||||||ger||||||| | ||
| LOK | |0 040 |a DE-21-110 |c DE-627 |d DE-21-110 | ||
| LOK | |0 852 |a DE-21-110 | ||
| LOK | |0 852 1 |c G I 341 |m p |9 00 | ||
| LOK | |0 935 |a k110 | ||
| LOK | |0 936ln |a 2.1 | ||
| LOK | |0 938 |k p | ||
| LOK | |0 939 |a 14-06-93 |b l01 | ||
| ORI | |a SA-MARC-krimdoka001.raw | ||
| SIG | |a IFK: G I 341 | ||
